005750000a2200157000450024501080000065000090010865000180011765000270013565000220016265000210018465100380020565300400024304100140028310000230029777300970032010aEcológia y organización social del Carpintero de los robles () en Colombia14aAves14aOrnitología14aHábitos alimentarios14aEstructura social14aBosques de roble 4lCordillera de los AndespColombia gMelanerpeseMelanerpes formicivorus0 aEspañol1 aKattan, Gustavo H.1 tHumboldtia: Revista de Divulgación Científica en Historia Natural3864h1q1-28d1987g1